Sports Quiz

Random Sports or NFL Quiz

1st Overall Picks NFL Quiz Stats

 Plays Quiz not verified by Sporcle

Score 0/12 Timer 02:00
0 Plays Today
Year Player % Correct
2011Cam Newton
87.3%
2004Eli Manning
82.5%
2010Sam Bradford
82.5%
2008Jake Long
81%
2009Matthew Stafford
81%
2006Mario Williams
79.4%
2007JaMarcus Russell
76.2%
2005Alex Smith
68.3%
2001Michael Vick
65.1%
2002David Carr
63.5%
2003Carson Palmer
63.5%
2000Courtney Brown
47.6%

You're not logged in!

Compare scores with friends on all Sporcle quizzes.
OR
Log In

Show Comments

Extras

Created Feb 23, 2012ReportNominate
Tags:NFL Quiz, draft

Top Quizzes Today


Score Distribution

Your Account Isn't Verified!

In order to create a playlist on Sporcle, you need to verify the email address you used during registration. Go to your Sporcle Settings to finish the process.

Report this User

Report this user for behavior that violates our Community Guidelines.

Details: